000 00436nam a2200181Ia 4500
005 20250423095621.0
008 250422s9999 xx 000 0 und d
020 _a978-978-52334-2-1
050 _aKP 127 .A4/
100 _aAgbonika, John Alewo Musa.
245 0 _aHire purchase [commercial LAW]
260 _aIbadan
260 _bAbaba
260 _c2014
300 _a254 p
650 _aCommercial law-nigeria.
942 _cBK
999 _c30814
_d30814